| 000 | 00369nam a22001451a 4500 | ||
|---|---|---|---|
| 082 |
_aM3 _bMUT/P |
||
| 100 | _aVarkey Muttathu | ||
| 245 |
_aPattuthoovala/ _cby Varkey Muttathu |
||
| 260 |
_aKottayam: _bJanapriya Pusthakaprasadhanasala, _c2003. |
||
| 300 | _a188p. | ||
| 650 | _aNovel Malayalam | ||
| 650 | _aLiterature Malayalam | ||
| 650 | _aLiterature | ||
| 942 | _cBK | ||
| 999 |
_c33924 _d33924 |
||